UM Logo
Normal view MARC view
  • Language and Languages.

Entry Topical Term

Number of records used in: 1

001 - CONTROL NUMBER

  • control field: 46691

003 - CONTROL NUMBER IDENTIFIER

  • control field: OSt

005 - DATE AND TIME OF LATEST TRANSACTION

  • control field: 20221108140613.0

008 - FIXED-LENGTH DATA ELEMENTS

  • fixed length control field: 221108|| aca||aabn | a|a d

040 ## - CATALOGING SOURCE

  • Original cataloging agency: OSt
  • Transcribing agency: OSt

150 ## - HEADING--TOPICAL TERM

  • Topical term or geographic name entry element: Language and Languages.

670 ## - SOURCE DATA FOUND

  • Source citation: Work cat.: (OSt): Israel, Dale G. 46690, Gov pushes 'English Only' learning in Cebu schools / , December 19, 2019.